00600nam a22001697a 450000500170000001000150001702000260003203500140005803700130007208200120008510000240009724501290012126000450025027000650029530000200036050000500038020190621144518.0 aENG-125702 a9780199485652c750.00 aEN-109234 bDBAD/PUB a658.402 aKhandelwal, Anil K. aCEO chess master of gardener ?cAnil K. Khandelwalbhow game-changing HR reforms created a new future for bank of baroda / / aNew DelhibOxford university pressc2018 a2/11, Ground Floor, Ansai Road, DaryaganjbNew Delhie110002 a358p.c23cm(Hb) aIncludes bibliographical references and index